LEADER 02047nam2 22004573i 450 001 RAV0108696 005 20251003044324.0 010 $a8808001229 020 $aIT$b73-6921 100 $a20150105d1972 ||||0itac50 ba 101 | $aita 102 $ait 181 1$6z01$ai $bxxxe 182 1$6z01$an 183 1$6z01$anc$2RDAcarrier 200 1 $aˆ3: ‰Onde e oscillazioni$fFrank S. Crawford, jr 210 $aBologna$cZanichelli$d1972 215 $aXXIII, 609 p.$cill.$d25 cm.$e1 busta contenente corredo di ottica per lo studio delle onde 300 $aTrad. A. Suvero. 314 $aProfessor of Physics, University of California, Berkeley, California, U.S.A.$9RAVV045161 314 $aTraduttore, Zanichelli, Bologna, Italia$9SBLV038363 461 1$1001RMS0020974$12001 $aˆLa ‰fisica di Berkeley$v3 500 10$aWaves.$3RMS0012688$9RAVV045161$927907 606 $aOnde $2FIR$3CFIC056669$9I 676 $a530$9FISICA$v14 676 $a530$9FISICA$v20 676 $a530$9FISICA$v23 676 $a531$9MECCANICA$v12 676 $a531.1133$9Cinetica. Onde$v20 676 $a531.1133$9MECCANICA CLASSICA. Onde$v21 676 $a531.32$9Dinamica dei solidi. Vibrazioni$v20 700 1$aCrawford$b, Frank S.$c $3RAVV045161$4070$0447796 702 1$aSuvero$b, Alfredo$3SBLV038363$4730 801 3$aIT$bIT-000000$c20150105 850 $aIT-BN0095 $aIT-NA0602 $aIT-AV0007 $aIT-NA0070 $aIT-BN0015 901 $bNAP 07$cALBERTI $nSezione unica della Biblioteca del Liceo scientifico L.B. Alberti 912 $aRAV0108696 950 2$aBiblioteca Centralizzata di Ateneo$d 01SALA 530 CRA on$e 0104 9000000975 VMA (3 v. 3$fA $h20071025$i20071025$cv. 3 in due copie$d 01SALA 530 CRA on(3 bis$e 0104 9000006995 VMA (3 bis v. 3 (2. copia)$fA $h20121031$i20121031 977 $a 01$a 07$a AV$a BU$a PB 996 $aWaves$927907 997 $aUNISANNIO